Islamic block: the way to honour, power & peace. (Record no. 84263)

MARC details
000 -LEADER
fixed length control field 00593cam a2200217 4500
001 - CONTROL NUMBER
control field sa 68012036
003 - CONTROL NUMBER IDENTIFIER
control field DLC
005 - DATE AND TIME OF LATEST TRANSACTION
control field 20260227112606.0
008 - FIXED-LENGTH DATA ELEMENTS--GENERAL INFORMATION
fixed length control field 691107s1968 pk 000 0 eng
010 ## - LIBRARY OF CONGRESS CONTROL NUMBER
LC control number sa 68012036
025 ## - OVERSEAS ACQUISITION NUMBER
Overseas acquisition number PL480:P-E-1458
040 ## - CATALOGING SOURCE
Original cataloging agency DLC
Transcribing agency DLC
Modifying agency DLC
050 00 - LIBRARY OF CONGRESS CALL NUMBER
Classification number DS38
Item number .H29
082 00 - DEWEY DECIMAL CLASSIFICATION NUMBER
Classification number 327/.09176/7
100 1# - MAIN ENTRY--PERSONAL NAME
Personal name Haq, Inamul.
245 10 - TITLE STATEMENT
Title Islamic block: the way to honour, power & peace.
260 ## - PUBLICATION, DISTRIBUTION, ETC.
Place of publication, distribution, etc. Karachi;
Name of publisher, distributor, etc. distributors: S. M. Mir
Date of publication, distribution, etc. [1968]
300 ## - PHYSICAL DESCRIPTION
Extent xi, 188 p.
Dimensions 23 cm.
350 ## - PRICE (NR) (BK AM CF MU VM SE) [OBSOLETE]
Price 12.50
651 #0 - SUBJECT ADDED ENTRY--GEOGRAPHIC NAME
Geographic name Islamic countries
General subdivision Politics and government.

No items available.

Powered by Koha